Prénoms de musiciens n°3 - Statistiques

Statistiques générales
  • Ce quiz a été pris 288 fois
  • Le résultat moyen est 11 sur 15
Statistiques - réponses
Prenom Nom de Famille % Correct
David Guetta
98%
Jacques Brel
97%
Justin Bieber
96%
Paul McCartney
96%
Mylène Farmer
94%
Marc Lavoine
93%
Françoise Hardy
88%
Kurt Cobain
85%
Claude Debussy
73%
Janis Joplin
70%
Ludwig van Beethoven
68%
Camille Saint-Saëns
56%
Dolly Parton
54%
Laura Pausini
53%
Erykah Badu
14%
Aucun quiz correspondant
Distribution des résultats
% des personnes avec chaque résultat
Percentile par nombre de réponses
Votre historique - résultats
Vous n’avez pas pris ce quiz